| 000 | 00357nam a2200133Ia 4500 | ||
|---|---|---|---|
| 008 | 240624s9999 xx 000 0 und d | ||
| 041 | _aeng | ||
| 082 | _a330 SHA | ||
| 100 | _aSHARMA MIHIR S | ||
| 245 | _aRESTART THE LAST CHANCE FOR THE INDIAN E | ||
| 260 |
_c2015 _aNew Delhi _bRandom House India |
||
| 300 | _axx, : 362 : p. : cm. ; 23 | ||
| 365 |
_cRS _b30 |
||
| 999 |
_c26611 _d26611 |
||